Datum a čas kvízu
25.5
Celkem bodů
Celkový počet nahraných bodů na tomto kvízu bez doplňovacích otázek.
6.
Pořadí na kvízu
Konečné umístění týmu na tomto kvízu.
Zaznamenané odpovědi
| # | Otázka | Odpověď | Body | Výsledky |
|---|---|---|---|---|
| 1. | Ve středu vybírala Sněmovna v... | Stanislav Křeček | 1 | |
| 2. | Situaci kolem pandemie novým t... | Covid-19 | 0 | |
| 3. | V neděli 9. února se konal v... | Parazit | 1 | |
| 4. | Společnost Škoda Auto minulý t... | Enyaq | 0 | |
| 5. | Není moc obvyklé, aby se v naš... | Karlovy Vary, Kometa Brno | 1 | |
| 6. | Šachy jsou vskutku velmi staro... | šáh | 0 | |
| 7. | Která situace v šachu se označ... | ohrožení dámy | 1 | |
| 8. | Jak se nazývá typ šachové hry,... | rapid (též zrychlený) šach | 0 | |
| 9. | Jak se jmenuje matematický pro... | jezdcova procházka | 0 | |
| 10. | Jak se jmenuje tento současný... | David Navara | 0 |